000 00577nam a2200193Ia 4500
003 GCL
005 20240530102007.0
008 140319s9999 xx 000 0 ara d
040 _aGCL /
_cGCL
082 0 4 _a347.08
_bم ا
100 1 _aمأمون محمد سلامة
245 1 0 _a00000000000000
_cمأمون محمد سلامة
260 _a[S.N] :
_bدار النهضة العربية ،
_c1992
300 _a688 ص
650 0 4 _aالقانون
650 0 4 _aقانون العقوبات
650 0 4 _aقانون الاجراءات الجنائية
942 _2ddc
_cBK
999 _c29244
_d29244